| 000 | 00495nam a2200205Ia 4500 | ||
|---|---|---|---|
| 003 | OSt | ||
| 005 | 20140403094050.0 | ||
| 008 | 140130s9999 xx 000 0 und d | ||
| 020 | _a9780694011650 | ||
| 050 |
_aPZ 7 _b.B293Bo 1986 |
||
| 100 |
_aBarton, Byron. _96483 |
||
| 245 |
_cByron Barton. _aBoats / |
||
| 260 |
_bScholastic Inc, _ac1986. _cUSA : |
||
| 300 |
_a30 p. : _bill. col. ; _c15 cm. |
||
| 521 | _aBR | ||
| 526 | _cBR | ||
| 942 |
_cBK _2lcc |
||
| 999 |
_c41460 _d41460 |
||